000 00266nam a22001097a 4500
008 170123b xxu||||| |||| 00| 0 eng d
020 _a0781716349
041 _aeng
080 _22ND
_a618.2
245 _a CRITICAL THINKING IN NURSING
_cRUBENFELD, M.G
942 _2udc
_cBK
999 _c3371
_d3371